Statistiques concernant Dictionnaire hors série n°5: France Gall

Cliquez ici pour prendre le quiz!

Statistiques générales

  • Ce quiz a été pris 222 fois
  • Le résultat moyen est 7 sur 10

Statistiques - réponses

DéfinitionsClasses grammaticalesMots correspondants% Correct
Personne qui garde les moutonsNomBerger
96%
Figurine humaine servant de jouet, d'ornementNomPoupée
89%
Se maintenir, survivreVerbeRésister
89%
De manière évidenteAdverbeEvidemment
86%
Sur ses piedsAdjectifDebout
85%
Supprimer le branchement de ...VerbeDébrancher
81%
De l'EuropeAdjectifEuropéenne
77%
Exercer une activité cérébraleVerbePenser
73%
Action de déclarer, discours ou écrit par lequel on déclareNomDéclaration
64%
Digne d'un respect absoluAdjectifSacré
3%

Distribution des résultats

Percentile par nombre de réponses

% des personnes avec chaque résultat

Votre développement - résultats

Vous n’avez pas pris ce quiz